000 00556nam a2200181Ia 4500
005 20260429112239.0
008 260429s9999||||xx |||||||||||||| ||und||
020 _a9788188459926
041 _aHindi
082 _a891.43
_bPAN
100 _aपांडे, कमला पति
245 0 _aकबीर ग्रंथावली /
_cकमला पति पांडे
250 _a0
260 _aदिल्ली :
_bशुभदा प्रकाशन,
_c2021.
300 _a806 p.; Hb
650 _aHindi Literature
942 _cTB
999 _c53104
_d53104